| 000 | 00446nam a2200181Ia 4500 | ||
|---|---|---|---|
| 003 | OSt | ||
| 005 | 20251128124808.0 | ||
| 008 | 250729s1995 xx 000 0 und d | ||
| 040 | _cAL | ||
| 041 | _akan | ||
| 082 | _a574.03 SHAV | ||
| 100 |
_aDubois Abbe _9225277 |
||
| 245 | _aವೈದ್ಯ ವಿಶ್ವಕೋಶ | ||
| 260 |
_aವಿದ್ಯಾರಣ್ಯ _c1995 |
||
| 300 | _a479p | ||
| 650 |
_aBiology _9225278 |
||
| 942 |
_2ddc _cBED |
||
| 999 |
_c236835 _d236835 |
||